[Event "Druga liga CS Istok 2016"]
[Site "Kragujevac"]
[Date "2016.10.08"]
[Round "10.2"]
[White "DELCHEV, Aleksander"]
[Black "PAVLOVIC, Goran"]
[Result "1-0"]
[WhiteElo "2591"]
[BlackElo "2359"]
[PlyCount "51"]
[EventDate "2016.08.26"]

1. e4 e5 2. Nf3 Nc6 3. Bc4 Be7 4. d4 d6 5. d5 Nb8 6. Bd3 Bg4 7. c4 Nd7 8. Nc3
Bxf3 9. Qxf3 Bg5 10. Bxg5 Qxg5 11. g3 h5 12. h4 Qe7 13. Bf1 g6 14. Bh3 a6 15.
O-O-O Nh6 16. Kb1 O-O-O 17. c5 dxc5 18. d6 cxd6 19. Nd5 Qf8 20. Nb6+ Kc7 21.
Nxd7 Rxd7 22. Bxd7 Kxd7 23. Rd5 f5 24. Rhd1 Nf7 25. Rxc5 Ke6 26. Rc7 1-0

[Event "Druga liga CS Istok 2016"]
[Site "Kragujevac"]
[Date "2016.10.08"]
[Round "10.2"]
[White "DINEV, Dejan"]
[Black "MINCIC, Srbislav"]
[Result "1/2-1/2"]
[WhiteElo "2292"]
[BlackElo "2205"]
[PlyCount "26"]
[EventDate "2016.08.26"]

1. d4 d5 2. Nf3 e6 3. e3 Nf6 4. Bd3 b6 5. O-O Nbd7 6. Re1 Bb7 7. Nbd2 Ne4 8. c3
Bd6 9. Qe2 O-O 10. Nf1 f5 11. Rd1 Rf6 12. Ne1 Rh6 13. Ng3 Rg6 1/2-1/2

[Event "Druga liga CS Istok 2016"]
[Site "Kragujevac"]
[Date "2016.10.08"]
[Round "10.2"]
[White "TRICKOVIC, Borivoje"]
[Black "DJOKIC, Nebojsa"]
[Result "1/2-1/2"]
[WhiteElo "2216"]
[BlackElo "2231"]
[PlyCount "47"]
[EventDate "2016.08.26"]

1. d4 Nf6 2. Bg5 c5 3. d5 Qb6 4. Nc3 d6 5. e4 g6 6. a4 Bg7 7. Bb5+ Nbd7 8. f3
O-O 9. a5 Qc7 10. Qd2 a6 11. Be2 b5 12. Nh3 b4 13. Nd1 Ne5 14. Nhf2 h5 15. h3
Nh7 16. Bh6 e6 17. Bxg7 Kxg7 18. f4 Nd7 19. Ne3 e5 20. f5 h4 21. fxg6 fxg6 22.
Neg4 g5 23. O-O Rf7 24. Ne3 1/2-1/2

[Event "Druga liga CS Istok 2016"]
[Site "Kragujevac"]
[Date "2016.10.08"]
[Round "10.2"]
[White "MADJAR, Stanislav"]
[Black "PETROV, Georgi"]
[Result "1-0"]
[WhiteElo "2189"]
[BlackElo "2181"]
[PlyCount "91"]
[EventDate "2016.08.26"]

1. c4 c5 2. Nc3 Nc6 3. g3 g6 4. Bg2 Bg7 5. Nf3 Nh6 6. O-O Nf5 7. d3 O-O 8. e4
Nfd4 9. Nxd4 Nxd4 10. Be3 d6 11. Qd2 a6 12. Rab1 b5 13. e5 Rb8 14. exd6 Qxd6
15. cxb5 axb5 16. Ne4 Qb6 17. b4 cxb4 18. Qxb4 Bg4 19. Nc3 e5 20. a4 Bf5 21.
Nd5 Ne2+ 22. Kh1 Qd8 23. Ne7+ Kh8 24. Nxf5 gxf5 25. axb5 Qxd3 26. b6 Rfd8 27.
b7 Nd4 28. Rfd1 Qa6 29. Ra1 Qe6 30. Ra8 Bf8 31. Rxb8 Rxb8 32. Qa5 Qd6 33. Qxe5+
Qxe5 34. Bxd4 Bd6 35. f4 Qxd4 36. Rxd4 Bf8 37. Rd7 Kg7 38. Bd5 Bc5 39. Rxf7+
Kg6 40. Rc7 Ba7 41. Rc8 Kf6 42. Kg2 h6 43. Kf1 Ke7 44. Ke2 Kd7 45. Bc6+ Kd6 46.
Kd3 1-0

[Event "Druga liga CS Istok 2016"]
[Site "Kragujevac"]
[Date "2016.10.08"]
[Round "10.2"]
[White "STANOJEVIC, Ilija"]
[Black "ILIC, Aleksandar"]
[Result "1/2-1/2"]
[WhiteElo "2078"]
[BlackElo "2156"]
[PlyCount "57"]
[EventDate "2016.08.26"]

1. c4 b6 2. Nc3 Bb7 3. Nf3 e6 4. g3 Bxf3 5. exf3 c5 6. Bg2 Nc6 7. O-O Nge7 8.
b3 Nf5 9. Bb2 Be7 10. f4 Rc8 11. d3 O-O 12. Qd2 Bf6 13. g4 Nfe7 14. Ne2 Bxb2
15. Qxb2 d5 16. Rad1 Qc7 17. Qd2 Rcd8 18. Qe3 d4 19. Qg3 f5 20. g5 Ng6 21. h4
e5 22. Bxc6 Qxc6 23. h5 exf4 24. Nxf4 Nxf4 25. Qxf4 Qd6 26. Qxd6 Rxd6 27. Rde1
g6 28. h6 Kf7 29. f4 1/2-1/2

[Event "Druga liga CS Istok 2016"]
[Site "Kragujevac"]
[Date "2016.10.08"]
[Round "10.2"]
[White "DJUKIC, Slobodan D"]
[Black "DIMITRIJEVIC, Dusan"]
[Result "1/2-1/2"]
[WhiteElo "2151"]
[BlackElo "2137"]
[PlyCount "38"]
[EventDate "2016.08.26"]

1. e4 e5 2. Nf3 Nf6 3. Nxe5 d6 4. Nf3 Nxe4 5. d4 d5 6. Bd3 Be7 7. O-O O-O 8. c4
Nf6 9. cxd5 Bg4 10. h3 Bh5 11. Nc3 Nbd7 12. Bg5 Nb6 13. Bxf6 Bxf6 14. Be4 Qd6
15. Qd3 Bg6 16. Bxg6 hxg6 17. Nb5 Qd7 18. Ne5 Bxe5 19. dxe5 Qxd5 1/2-1/2

[Event "Druga liga CS Istok 2016"]
[Site "Kragujevac"]
[Date "2016.10.08"]
[Round "10.2"]
[White "TONIC, Milos"]
[Black "PETROVIC, Tamara "]
[Result "1/2-1/2"]
[WhiteElo "2043"]
[BlackElo "1912"]
[PlyCount "44"]
[EventDate "2016.08.26"]

1. c4 Nf6 2. Nc3 e6 3. g3 d5 4. cxd5 exd5 5. d4 c6 6. Bg2 Bb4 7. a3 Bd6 8. Nf3
Nbd7 9. O-O O-O 10. Bf4 Bxf4 11. gxf4 Ng4 12. h3 Nh6 13. e3 Re8 14. Kh2 Qf6 15.
Rg1 Nf8 16. Bf1 Ng6 17. Ne2 Nh4 18. Ng5 N6f5 19. Ng3 h6 20. Nxf5 Bxf5 21. Nf3
Ng6 22. Ne5 Nh4 1/2-1/2

[Event "Druga liga CS Istok 2016"]
[Site "Kragujevac"]
[Date "2016.10.08"]
[Round "10.2"]
[White "PETROVIC, Tijana"]
[Black "MITIC, Ivan M"]
[Result "1/2-1/2"]
[WhiteElo "1811"]
[BlackElo "1919"]
[PlyCount "58"]
[EventDate "2016.08.26"]

1. e4 c6 2. d4 d5 3. Nc3 dxe4 4. Nxe4 Bf5 5. Ng3 Bg6 6. Nf3 Nd7 7. h4 h6 8. h5
Bh7 9. Bd3 Bxd3 10. Qxd3 e6 11. Bd2 Ngf6 12. O-O-O Be7 13. Kb1 O-O 14. Nf1 Ng4
15. Qe2 c5 16. Ne5 Ngf6 17. Nxd7 Nxd7 18. dxc5 Qc7 19. g4 Nxc5 20. Rg1 Rad8 21.
Ng3 Bf6 22. Qc4 Rd4 23. Qe2 Qe5 24. Bc3 Qxe2 25. Nxe2 Rxd1+ 26. Rxd1 Ne4 27.
Bxf6 Nxf6 28. f3 Rc8 29. Rd3 Kf8 1/2-1/2

[Event "Druga liga CS Istok 2016"]
[Site "Kragujevac"]
[Date "2016.10.08"]
[Round "10.3"]
[White "JOVIC, Stanoje"]
[Black "DINIC, Dragan"]
[Result "1/2-1/2"]
[WhiteElo "2310"]
[BlackElo "2309"]
[PlyCount "32"]
[EventDate "2016.08.26"]

1. c4 Nf6 2. Nc3 e6 3. e4 d5 4. e5 d4 5. exf6 dxc3 6. fxg7 cxd2+ 7. Bxd2 Bxg7
8. Qb3 Nc6 9. Nf3 Qe7 10. Be2 b6 11. O-O Bb7 12. Rac1 O-O-O 13. Bg5 Bf6 14.
Bxf6 Qxf6 15. c5 Kb8 16. cxb6 cxb6 1/2-1/2

[Event "Druga liga CS Istok 2016"]
[Site "Kragujevac"]
[Date "2016.10.08"]
[Round "10.3"]
[White "PANIC, Milan"]
[Black "MARKOVIC, Marko"]
[Result "0-1"]
[WhiteElo "2288"]
[BlackElo "2226"]
[PlyCount "58"]
[EventDate "2016.08.26"]

1. e4 d6 2. d4 Nf6 3. Nc3 e5 4. Nf3 Nbd7 5. Bc4 Be7 6. O-O O-O 7. a4 c6 8. h3
Nxe4 9. Nxe4 d5 10. Re1 dxe4 11. Rxe4 exd4 12. Qe2 Bf6 13. Bxf7+ Kh8 14. Ba2
Nc5 15. Rf4 d3 16. Qe3 b6 17. cxd3 Re8 18. Qd2 Nxd3 19. Rxf6 gxf6 20. Qc3 Be6
21. Bxe6 Rxe6 22. Be3 Ne5 23. Nd4 Rd6 24. f4 c5 25. Nf5 Rd3 26. Qe1 Qd7 27. Ng3
Nc4 28. Bf2 Re8 29. Qf1 Nd2 0-1

[Event "Druga liga CS Istok 2016"]
[Site "Kragujevac"]
[Date "2016.10.08"]
[Round "10.3"]
[White "MILJKOVIC, Mihajlo"]
[Black "PETROVIC, Petar R "]
[Result "1-0"]
[WhiteElo "2250"]
[BlackElo "1958"]
[PlyCount "83"]
[EventDate "2016.08.26"]

1. d4 Nf6 2. c4 e6 3. Nc3 d5 4. Bg5 Be7 5. cxd5 exd5 6. Qc2 O-O 7. e3 c6 8. Bd3
Nbd7 9. Nf3 Re8 10. O-O Ne4 11. Bxe4 Bxg5 12. Bxh7+ Kh8 13. Bd3 Bf6 14. b4 g5
15. b5 Kg7 16. bxc6 bxc6 17. h3 Rh8 18. e4 Nb6 19. e5 Be7 20. Bf5 Ba6 21. Rfd1
Rh6 22. Ne2 Bxe2 23. Qxe2 Nc4 24. Nh2 Rh4 25. g3 Rh8 26. Kg2 Rb8 27. Rab1 Qa5
28. Bd3 Na3 29. Rxb8 Rxb8 30. Qh5 Rh8 31. Qg4 Qc7 32. Nf3 Qc8 33. Bf5 Qd8 34.
h4 Kf8 35. hxg5 Rg8 36. g6 Qe8 37. Rh1 fxg6 38. Be6 Kg7 39. Bxg8 Qxg8 40. Qd7
Qd8 41. Qxa7 Nb5 42. Qb7 1-0

[Event "Druga liga CS Istok 2016"]
[Site "Kragujevac"]
[Date "2016.10.08"]
[Round "10.3"]
[White "VELIKIC, Vule"]
[Black "RADIVOJEVIC, Tomislav"]
[Result "1/2-1/2"]
[WhiteElo "1789"]
[BlackElo "2171"]
[PlyCount "78"]
[EventDate "2016.08.26"]

1. d4 Nf6 2. Nf3 e6 3. g3 d5 4. Bg2 Be7 5. c4 O-O 6. O-O c6 7. Qc2 Nbd7 8. Nbd2
Re8 9. b3 b6 10. cxd5 cxd5 11. Re1 Bb7 12. Bb2 Rc8 13. Qd3 Bd6 14. Rac1 Qe7 15.
Ne5 Bb4 16. Nxd7 Qxd7 17. a3 Bf8 18. Nf3 Rxc1 19. Rxc1 Rc8 20. Ne5 Rxc1+ 21.
Bxc1 Qc8 22. Bb2 Ba6 23. Qd2 h6 24. f3 Nd7 25. Nd3 Nf6 26. Kf2 Be7 27. Bf1 Qc7
28. Ne5 Bd6 29. Qc1 Bxe5 30. dxe5 Qxc1 31. Bxc1 Nd7 32. f4 Kf8 33. b4 Bc4 34.
Bg2 Ke7 35. Ke3 Nb8 36. Kd2 Nc6 37. e3 f6 38. exf6+ gxf6 39. Bb2 Nd8 1/2-1/2

[Event "Druga liga CS Istok 2016"]
[Site "Kragujevac"]
[Date "2016.10.08"]
[Round "10.3"]
[White "ARSIC, Djordje"]
[Black "MILUTINOVIC, Bojan"]
[Result "0-1"]
[WhiteElo "2206"]
[BlackElo "1779"]
[PlyCount "102"]
[EventDate "2016.08.26"]

1. e4 c5 2. Nf3 d6 3. Bb5+ Bd7 4. c4 a6 5. Bxd7+ Qxd7 6. d4 cxd4 7. Nxd4 Nf6 8.
Nc3 g6 9. O-O Bg7 10. f3 O-O 11. Be3 Nc6 12. Rc1 Nxd4 13. Bxd4 Nh5 14. Be3 b5
15. cxb5 axb5 16. Qb3 Rfb8 17. Nd5 Qd8 18. Kh1 e6 19. Nc7 Ra5 20. Bd2 Ra7 21.
Nxb5 Qh4 22. Be1 Qg5 23. Nxa7 Rxb3 24. Rc8+ Bf8 25. axb3 Qe3 26. Nc6 Qe2 27.
Rg1 Qa6 28. Ne7+ Kg7 29. Bc3+ e5 30. Rc7 Bxe7 31. Rxe7 Qb6 32. b4 Kf8 33. g4
Nf6 34. Rxe5 dxe5 35. Bxe5 Nd7 36. Bg3 Qe3 37. Rf1 f5 38. exf5 gxf5 39. gxf5
Nf6 40. Kg2 Nh5 41. Bd6+ Kf7 42. Bc5 Qg5+ 43. Kh1 Qxf5 44. Kg1 Nf4 45. Kf2 Qc2+
46. Kg3 Qg2+ 47. Kxf4 Qxf1 48. h4 Qc4+ 49. Kg3 Kf6 50. Bd6 Kf5 51. Be7 Qc1 0-1

[Event "Druga liga CS Istok 2016"]
[Site "Kragujevac"]
[Date "2016.10.08"]
[Round "10.3"]
[White "JANKOVIC, Milan"]
[Black "DJORDJEVIC, Danilo"]
[Result "0-1"]
[WhiteElo "1668"]
[BlackElo "2139"]
[PlyCount "94"]
[EventDate "2016.08.26"]

1. d4 Nf6 2. c4 e6 3. Nc3 Bb4 4. Nf3 O-O 5. Bg5 h6 6. Bh4 d5 7. e3 Nbd7 8. Bd3
c5 9. O-O cxd4 10. Nxd4 dxc4 11. Bxc4 Ne5 12. Bb3 Ng6 13. Bg3 a6 14. Rc1 e5 15.
Nf3 Qe7 16. Nd5 Nxd5 17. Bxd5 h5 18. h4 Bg4 19. Qb3 Ra7 20. Rc4 Ba5 21. Ng5 Be2
22. Bxf7+ Rxf7 23. Rc8+ Nf8 24. Rfc1 Bg4 25. R8c5 Bd8 26. Rxe5 Qf6 27. f3 Bd7
28. Rd1 b5 29. Ne4 Qg6 30. Rd6 Bf6 31. Nxf6+ gxf6 32. Rg5 fxg5 33. Rxg6+ Nxg6
34. hxg5 h4 35. Bf2 Rc7 36. e4 Rc1+ 37. Kh2 Rc4 38. Qa3 h3 39. Qxa6 Kg7 40. Qd6
Rc2 41. Qd4+ Kh7 42. gxh3 Nh4 43. Qe3 Rxf3 44. g6+ Kxg6 45. Qb6+ Kh7 46. Kg1
Rc1+ 47. Kh2 Rxh3# 0-1

[Event "Druga liga CS Istok 2016"]
[Site "Kragujevac"]
[Date "2016.10.08"]
[Round "10.5"]
[White "ZIVKOVIC, Marko"]
[Black "DRASKO, Milan"]
[Result "1-0"]
[WhiteElo "2216"]
[BlackElo "2453"]
[PlyCount "109"]
[EventDate "2016.08.26"]

1. d4 e6 2. Nf3 Nf6 3. Bf4 b6 4. e3 Bb7 5. Nbd2 Be7 6. Bd3 d6 7. h3 Nbd7 8. O-O
O-O 9. Qe2 Nd5 10. c3 Nxf4 11. exf4 a6 12. Rfe1 Re8 13. Rad1 Nf8 14. Nc4 d5 15.
Ne3 Bd6 16. g3 c5 17. h4 c4 18. Bb1 b5 19. Kg2 b4 20. Ng4 f6 21. h5 Bc6 22. Rh1
bxc3 23. bxc3 Ba4 24. Rde1 Ra7 25. Nh4 h6 26. Bg6 Ree7 27. Bc2 Bxc2 28. Qxc2 f5
29. Ne5 Bxe5 30. Rxe5 Reb7 31. Rhe1 Rb6 32. Ng6 Qf6 33. Nxf8 Kxf8 34. Qe2 Re7
35. g4 fxg4 36. Qxg4 Kg8 37. Qg3 Rf7 38. f5 exf5 39. Rxd5 f4 40. Qf3 Re6 41.
Rxe6 Qxe6 42. Rd8+ Kh7 43. d5 Qe5 44. Qg4 f3+ 45. Kh3 Qf6 46. Qe4+ Qf5+ 47.
Qxf5+ Rxf5 48. Kg4 Rg5+ 49. Kxf3 Rxh5 50. Ke4 Kg6 51. Rf8 Rh1 52. d6 Rd1 53.
Ke5 h5 54. Ke6 Re1+ 55. Kd5 1-0

[Event "Druga liga CS Istok 2016"]
[Site "Kragujevac"]
[Date "2016.10.08"]
[Round "10.5"]
[White "DMITROVIC, Tomislav"]
[Black "LIVAJA, Mario"]
[Result "1/2-1/2"]
[WhiteElo "2258"]
[BlackElo "2218"]
[PlyCount "83"]
[EventDate "2016.08.26"]

1. d4 Nf6 2. Bf4 g6 3. Nf3 Bg7 4. e3 O-O 5. Be2 d6 6. h3 c5 7. c3 Qb6 8. Qc1
Nc6 9. Nbd2 cxd4 10. exd4 Re8 11. O-O Bf5 12. Nc4 Qd8 13. a4 Rc8 14. Qd1 Nd5
15. Bg3 Bh6 16. Re1 Nb8 17. Bf1 Nf4 18. Bh2 Qd7 19. Ne3 a6 20. Nh4 e6 21. Nhxf5
gxf5 22. Qf3 Ng6 23. Nc4 f4 24. Nb6 Qc6 25. Qh5 Qxb6 26. Qxh6 e5 27. h4 Qxb2
28. h5 Qxc3 29. hxg6 hxg6 30. dxe5 dxe5 31. g3 Nc6 32. Rac1 Qb4 33. Rb1 Qxa4
34. Rxb7 Nd4 35. Bg2 f3 36. Bh3 Rcd8 37. g4 Ne2+ 38. Kh1 Rd1 39. Rb1 Rxe1+ 40.
Rxe1 Qb4 41. Rd1 Qb3 42. Qd2 1/2-1/2

[Event "Druga liga CS Istok 2016"]
[Site "Kragujevac"]
[Date "2016.10.08"]
[Round "10.5"]
[White "ZIVKOVIC, Dragan"]
[Black "ZAFIROVSKI, Mite"]
[Result "1/2-1/2"]
[WhiteElo "2149"]
[BlackElo "2241"]
[PlyCount "50"]
[EventDate "2016.08.26"]

1. Nf3 Nf6 2. d4 e6 3. Bg5 h6 4. Bxf6 Qxf6 5. Nc3 d6 6. e3 Nd7 7. Be2 c6 8. O-O
Qd8 9. Nd2 d5 10. e4 dxe4 11. Ncxe4 Be7 12. Bf3 O-O 13. c3 Qc7 14. Re1 b6 15.
Nc4 Bb7 16. Ng3 Rad8 17. Qc2 Nf6 18. Rad1 c5 19. Bxb7 Qxb7 20. dxc5 Bxc5 21. h3
Be7 22. Ne3 Rxd1 23. Rxd1 Rd8 24. Rxd8+ Bxd8 25. Qd3 Qd7 1/2-1/2

[Event "Druga liga CS Istok 2016"]
[Site "Kragujevac"]
[Date "2016.10.08"]
[Round "10.5"]
[White "TRIFUNOVIC, Miroljub"]
[Black "ZIVIC, Dragan"]
[Result "1/2-1/2"]
[WhiteElo "2220"]
[BlackElo "2204"]
[PlyCount "88"]
[EventDate "2016.08.26"]

1. d4 Nf6 2. Nf3 e6 3. g3 b6 4. Bg2 Bb7 5. O-O c5 6. c4 cxd4 7. Qxd4 d6 8. Nc3
a6 9. h3 Qc7 10. b3 Nbd7 11. Bb2 Be7 12. Rac1 O-O 13. e4 Rac8 14. Qe3 Qb8 15.
Nd4 Rfe8 16. Rfe1 Bf8 17. Rcd1 Qa8 18. Qe2 g6 19. g4 e5 20. Nc2 Nc5 21. Nb4 Ne6
22. Ncd5 Nxd5 23. exd5 Nf4 24. Qe4 b5 25. Bf1 bxc4 26. bxc4 Rc7 27. Nd3 f5 28.
gxf5 gxf5 29. Qxf5 Bc8 30. Qe4 Bh6 31. Nxf4 Bxf4 32. Qxf4 exf4 33. Rxe8+ Kf7
34. Rh8 Kg6 35. Bd3+ Kh6 36. Re1 Qb7 37. Bc1 Rxc4 38. Kh2 Rd4 39. Rxh7+ Qxh7
40. Bxh7 Kxh7 41. Re8 Bf5 42. Rd8 Rc4 43. Bd2 Rd4 44. Bc1 Rc4 1/2-1/2

[Event "Druga liga CS Istok 2016"]
[Site "Kragujevac"]
[Date "2016.10.08"]
[Round "10.5"]
[White "DJORDJEVIC, Dejan N"]
[Black "TURUDIC, Nenad"]
[Result "1-0"]
[WhiteElo "2162"]
[BlackElo "2182"]
[PlyCount "77"]
[EventDate "2016.08.26"]

1. e4 e5 2. Nf3 Nc6 3. c4 Bc5 4. Nc3 Nf6 5. h3 d6 6. d3 h6 7. a3 a5 8. g3 Be6
9. Bg2 Nd4 10. Nxd4 Bxd4 11. Ne2 Bb6 12. O-O O-O 13. Kh2 Nd7 14. f4 f6 15. b3
Nc5 16. f5 Bf7 17. a4 c6 18. d4 exd4 19. Nxd4 Re8 20. Ne6 Nxe6 21. fxe6 Bxe6
22. Bf4 Bc5 23. Ra2 Qe7 24. Rd2 Rad8 25. Rd3 Bf7 26. Bd2 b6 27. Qc1 Bg6 28. Re1
Qe6 29. Bc3 Kh7 30. Qf4 Bb4 31. Bxb4 axb4 32. Red1 d5 33. cxd5 cxd5 34. exd5
Qe5 35. Rd4 Qxf4 36. gxf4 Bc2 37. R1d2 Rc8 38. d6 Red8 39. Rxc2 1-0

[Event "Druga liga CS Istok 2016"]
[Site "Kragujevac"]
[Date "2016.10.08"]
[Round "10.5"]
[White "TOSIC, Nebojsa"]
[Black "OSTOJIC, Milos R"]
[Result "1-0"]
[WhiteElo "2148"]
[BlackElo "2067"]
[PlyCount "83"]
[EventDate "2016.08.26"]

1. e4 c6 2. d4 d5 3. e5 Bf5 4. h4 h5 5. c4 e6 6. Nc3 Ne7 7. Bg5 dxc4 8. Bxc4
Nd7 9. Nge2 f6 10. exf6 gxf6 11. Bf4 Nb6 12. Bd3 Nbd5 13. Bg3 Qd7 14. O-O O-O-O
15. Rc1 Nxc3 16. bxc3 Bxd3 17. Qxd3 Nf5 18. Rfe1 Nxg3 19. Nxg3 Bd6 20. Ne4 Be7
21. Nd2 Bd6 22. Rb1 Rhg8 23. Qe3 Rde8 24. Ne4 Be7 25. Ng3 Bd6 26. Ne4 Be7 27.
d5 exd5 28. Qxa7 Qc7 29. Ng3 Bd6 30. Nxh5 Rxe1+ 31. Rxe1 Qf7 32. Ng3 Bb8 33.
Qe3 f5 34. Qd3 Rf8 35. Nf1 f4 36. Nh2 Qg7 37. Qh3+ Kd8 38. h5 Rf6 39. Ng4 Rf7
40. h6 Qg6 41. Qh4+ Kd7 42. h7 1-0

[Event "Druga liga CS Istok 2016"]
[Site "Kragujevac"]
[Date "2016.10.08"]
[Round "10.5"]
[White "NIKOLIC, Mila"]
[Black "MILOSEVIC, Jovana"]
[Result "1/2-1/2"]
[WhiteElo "1930"]
[BlackElo "2081"]
[PlyCount "99"]
[EventDate "2016.08.26"]

1. e4 d6 2. Bc4 Nf6 3. d3 e5 4. c3 Be7 5. f4 Nc6 6. Nf3 O-O 7. O-O exf4 8. Bxf4
Na5 9. Bb5 c6 10. Ba4 Qb6+ 11. Kh1 Qxb2 12. Qc2 Qxc2 13. Bxc2 b6 14. Nbd2 c5
15. Ba4 Nh5 16. Be3 f5 17. exf5 Bxf5 18. d4 Bd3 19. Rfe1 b5 20. Bd1 Rae8 21.
Nb3 Nc4 22. Nfd2 Bh4 23. Bxh5 Rxe3 24. Rxe3 Nxe3 25. Bf3 c4 26. Na5 Nc2 27. Rd1
g6 28. Bd5+ Kg7 29. Bf3 Ne3 30. Ra1 Nc2 31. Rd1 Be1 32. h3 Re8 33. Nb7 Bg3 34.
Nf1 Ne3 35. Nxe3 Rxe3 36. Bc6 a6 37. Na5 Re2 38. Ra1 Rc2 39. a4 Rxc3 40. axb5
axb5 41. Bxb5 d5 42. Nb7 Bf2 43. Bc6 Bxd4 44. Bxd5 Rc2 45. Rd1 Be5 46. Nc5 Bg3
47. Nxd3 cxd3 48. Be4 Kf6 49. Bxd3 Rb2 50. Be4 1/2-1/2

[Event "Druga liga CS Istok 2016"]
[Site "Kragujevac"]
[Date "2016.10.08"]
[Round "10.5"]
[White "LAZOVIC, Bozidar"]
[Black "PETROVIC, Dusan"]
[Result "1/2-1/2"]
[WhiteElo "1886"]
[BlackElo "1798"]
[PlyCount "45"]
[EventDate "2016.08.26"]

1. Nf3 d5 2. g3 Nf6 3. Bg2 Bf5 4. O-O e6 5. d3 Be7 6. Nbd2 c6 7. c3 Nbd7 8. Qc2
O-O 9. e4 dxe4 10. dxe4 Bg6 11. Nh4 Qc7 12. Nxg6 hxg6 13. a4 a5 14. Nc4 Rfd8
15. Bg5 e5 16. Rad1 Nb6 17. Ne3 Rxd1 18. Rxd1 Ng4 19. Nxg4 Bxg5 20. h4 Be7 21.
Ne3 Bc5 22. Nf1 Rd8 23. b3 1/2-1/2

[Event "Druga liga CS Istok 2016"]
[Site "Kragujevac"]
[Date "2016.10.08"]
[Round "10.6"]
[White "POPCHEV, Milko"]
[Black "POPOVIC, Predrag R"]
[Result "1-0"]
[WhiteElo "2283"]
[BlackElo "2257"]
[PlyCount "103"]
[EventDate "2016.08.26"]

1. Nf3 d5 2. g3 Nc6 3. Bg2 e5 4. d3 f6 5. Nbd2 Be6 6. e4 Qd7 7. Qe2 O-O-O 8.
Nb3 dxe4 9. Qxe4 Bd5 10. Qe2 e4 11. dxe4 Bc4 12. Qd2 Qf7 13. Nbd4 Nxd4 14. Nxd4
c5 15. Bh3+ Rd7 16. b3 cxd4 17. Bxd7+ Qxd7 18. bxc4 Bc5 19. Bb2 Ne7 20. O-O-O
Rd8 21. Qa5 Bb6 22. Qb5 Qc7 23. f4 a6 24. Qa4 Nc6 25. Rd3 Qe7 26. Re1 Nb4 27.
e5 Nxd3+ 28. cxd3 Bc5 29. Kc2 g5 30. Bc1 gxf4 31. Bxf4 Bd6 32. e6 Be5 33. Bxe5
Qxe6 34. Qa5 fxe5 35. Qc5+ Qc6 36. Qxc6+ bxc6 37. Rxe5 Rf8 38. Rh5 Rf2+ 39. Kb3
Rd2 40. Rxh7 a5 41. c5 Rxd3+ 42. Kc4 Rd2 43. a3 a4 44. g4 Rg2 45. h3 d3 46.
Kxd3 Rg3+ 47. Kc4 Rxa3 48. Kb4 Ra1 49. g5 Rg1 50. h4 Rg4+ 51. Ka3 Kd8 52. Rh6
1-0

[Event "Druga liga CS Istok 2016"]
[Site "Kragujevac"]
[Date "2016.10.08"]
[Round "10.6"]
[White "BURA, Goran"]
[Black "RISTIC, Nebojsa B"]
[Result "1/2-1/2"]
[WhiteElo "2214"]
[BlackElo "2315"]
[PlyCount "48"]
[EventDate "2016.08.26"]

1. Nf3 Nf6 2. c4 b6 3. d4 e6 4. g3 Bb7 5. Bg2 Be7 6. O-O O-O 7. Nc3 Ne4 8. Qc2
Nxc3 9. Qxc3 Be4 10. b3 Bf6 11. Bb2 c5 12. Qd2 cxd4 13. Bxd4 d5 14. cxd5 Bxd5
15. Rfd1 Nc6 16. Bb2 Rc8 17. Rac1 Qe7 18. Qc2 Bxb2 19. Qxb2 Rfd8 20. h4 h6 21.
Ne1 Bxg2 22. Nxg2 Rxd1+ 23. Rxd1 Nb4 24. Ne3 Rd8 1/2-1/2

[Event "Druga liga CS Istok 2016"]
[Site "Kragujevac"]
[Date "2016.10.08"]
[Round "10.6"]
[White "DJORDJEVIC, Nebojsa"]
[Black "MICKOVIC, Slavisa"]
[Result "1-0"]
[WhiteElo "2299"]
[BlackElo "2150"]
[PlyCount "97"]
[EventDate "2016.08.26"]

1. d4 d5 2. c4 c6 3. e3 Nf6 4. Nf3 a6 5. a3 g6 6. Nc3 Bg7 7. Be2 O-O 8. O-O b5
9. b3 Nbd7 10. Bb2 Re8 11. Qc2 Rb8 12. Rab1 bxc4 13. bxc4 Nb6 14. Ne5 Qc7 15.
c5 Nbd7 16. f4 Nxe5 17. fxe5 Ng4 18. Bc1 Rxb1 19. Qxb1 Nxe5 20. dxe5 Bxe5 21.
Bd2 Bxh2+ 22. Kh1 Be5 23. Qb4 Bf5 24. Qb6 Qd7 25. Bf3 Bd3 26. Rc1 Rb8 27. Qa5
Rb2 28. Nd1 Ra2 29. Be1 Be4 30. Bxe4 dxe4 31. Nf2 Qf5 32. Kg1 Qg5 33. Bc3 Qg3
34. Qd8+ Kg7 35. Bxe5+ Qxe5 36. Qd4 Qxd4 37. exd4 e3 38. Ng4 e2 39. Kf2 Rd2 40.
Rc4 f6 41. Ne3 Rd3 42. Kxe2 Rxa3 43. d5 cxd5 44. Nxd5 Ra2+ 45. Kd3 Ra5 46. Nxe7
Kf7 47. c6 Kxe7 48. c7 Rd5+ 49. Ke4 1-0

[Event "Druga liga CS Istok 2016"]
[Site "Kragujevac"]
[Date "2016.10.08"]
[Round "10.6"]
[White "NJEGIC, Vladimir"]
[Black "KULAK, Dejan"]
[Result "1/2-1/2"]
[WhiteElo "2123"]
[BlackElo "2237"]
[PlyCount "67"]
[EventDate "2016.08.26"]

1. e4 Nf6 2. e5 Nd5 3. Nc3 Nxc3 4. dxc3 d5 5. Bd3 c5 6. f4 g6 7. Nf3 Nc6 8. Be3
c4 9. Be2 Bg4 10. Nd4 Bxe2 11. Qxe2 e6 12. O-O-O h5 13. g3 Qa5 14. Kb1 Rc8 15.
h3 b5 16. Bc1 b4 17. Nxc6 Rxc6 18. cxb4 Bxb4 19. c3 Be7 20. g4 Ra6 21. a3 Qa4
22. Qc2 Qb5 23. Ka2 Ra4 24. f5 hxg4 25. fxg6 fxg6 26. hxg4 Rxh1 27. Rxh1 Qb3+
28. Kb1 Rxa3 29. Qxg6+ Kd7 30. Rh7 Qa2+ 31. Kc2 Qb3+ 32. Kb1 Qa2+ 33. Kc2 Qb3+
34. Kb1 1/2-1/2

[Event "Druga liga CS Istok 2016"]
[Site "Kragujevac"]
[Date "2016.10.08"]
[Round "10.6"]
[White "STANKOVIC, Dejan"]
[Black "RAJKOVIC, Aleksandar"]
[Result "1/2-1/2"]
[WhiteElo "2246"]
[BlackElo "2150"]
[PlyCount "36"]
[EventDate "2016.08.26"]

1. e4 e5 2. Nf3 Nc6 3. Bb5 Nf6 4. Qe2 d6 5. O-O Be7 6. h3 O-O 7. c3 Bd7 8. d4
exd4 9. cxd4 Re8 10. Nc3 Nb4 11. a3 Nc6 12. Bc4 h6 13. Qd3 Bf8 14. Re1 Bc8 15.
b4 Ne7 16. Bf4 c6 17. e5 dxe5 18. Bxe5 Bf5 1/2-1/2

[Event "Druga liga CS Istok 2016"]
[Site "Kragujevac"]
[Date "2016.10.08"]
[Round "10.6"]
[White "KOSTIC, Tomislav"]
[Black "DJUKIC, Nebojsa"]
[Result "0-1"]
[WhiteElo "2043"]
[BlackElo "2196"]
[PlyCount "56"]
[EventDate "2016.08.26"]

1. e4 e6 2. d4 d5 3. Nc3 Nf6 4. e5 Nfd7 5. f4 c5 6. Nf3 Nc6 7. Be3 f6 8. exf6
Qxf6 9. Nb5 Qd8 10. c4 cxd4 11. Nbxd4 Bb4+ 12. Kf2 Nf6 13. h3 O-O 14. Bd3 Bc5
15. Re1 Qb6 16. Kf1 Nxd4 17. Nxd4 e5 18. Nc2 Bxe3 19. Rxe3 exf4 20. Re7 f3 21.
g4 Bxg4 22. hxg4 Nxg4 23. Qd2 Qf6 24. Qe1 Nh2+ 25. Kf2 Qh4+ 26. Ke3 Qxe7+ 27.
Kd2 Qxe1+ 28. Rxe1 f2 0-1

[Event "Druga liga CS Istok 2016"]
[Site "Kragujevac"]
[Date "2016.10.08"]
[Round "10.6"]
[White "BOZILOV, Dragan"]
[Black "KOSTIC, Marko"]
[Result "1-0"]
[WhiteElo "2087"]
[BlackElo "1987"]
[PlyCount "81"]
[EventDate "2016.08.26"]

1. e4 e5 2. Nf3 Nc6 3. Bb5 a6 4. Ba4 Nf6 5. O-O Be7 6. Re1 b5 7. Bb3 d6 8. c3
Bg4 9. d3 O-O 10. Nbd2 d5 11. h3 dxe4 12. hxg4 exf3 13. Qxf3 Na5 14. Bc2 Qd6
15. g5 Nd7 16. d4 g6 17. Ne4 Qb6 18. Qh3 Rad8 19. d5 Nc4 20. b3 Nd6 21. Be3 Qb7
22. Nxd6 Bxd6 23. Rad1 Nb6 24. Be4 a5 25. g4 Nd7 26. Kg2 Rfe8 27. Rh1 Nf8 28.
Qf3 a4 29. Rh6 axb3 30. axb3 Qa6 31. Rdh1 Qa2 32. b4 Qc4 33. Bc1 Ra8 34. R1h3
Ra1 35. Rxh7 Nxh7 36. Rxh7 f5 37. gxf6 Rxc1 38. f7+ Kxh7 39. Bd3 e4 40. Qh3+
Kg7 41. fxe8=N+ 1-0

[Event "Druga liga CS Istok 2016"]
[Site "Kragujevac"]
[Date "2016.10.08"]
[Round "10.6"]
[White "DUBRAVCIC, Nikola"]
[Black "DJORDJEVIC, Lazar"]
[Result "1/2-1/2"]
[WhiteElo "1823"]
[BlackElo "1959"]
[PlyCount "49"]
[EventDate "2016.08.26"]

1. e4 c5 2. Nf3 e6 3. c4 Ne7 4. Nc3 d5 5. d4 dxe4 6. Nxe4 cxd4 7. Qxd4 Qxd4 8.
Nxd4 Nec6 9. Nb5 Na6 10. a3 Be7 11. Nbd6+ Bxd6 12. Nxd6+ Ke7 13. Nb5 e5 14. Be3
Be6 15. Rc1 Rhd8 16. c5 Nd4 17. Nxd4 exd4 18. Bxa6 dxe3 19. Bxb7 exf2+ 20. Kxf2
Rab8 21. c6 Rd2+ 22. Kg3 Rd3+ 23. Kf2 Rd2+ 24. Kg3 Rd3+ 25. Kf2 1/2-1/2